| Tag |
First Indicator |
Second Indicator |
Subfields |
| LEADER |
00000cam a2200000 a 4500 |
| 001 |
in00000070156 |
| 005 |
20151008061621.0 |
| 008 |
711028s1970 dk af b 00010 engm |
| 010 |
|
|
|a 77852866
|
| 015 |
|
|
|a D71-10
|
| 020 |
|
|
|a 8748069213
|
| 035 |
|
|
|a (OCoLC)00202988
|
| 035 |
|
|
|9 AAJ8446AM
|
| 040 |
|
|
|a DLC
|c DLC
|d TXA
|d UtOrBLW
|
| 041 |
0 |
|
|a eng
|b dan
|
| 043 |
|
|
|a e-dk---
|
| 049 |
|
|
|a TXAM
|c [1673271]
|
| 050 |
0 |
0 |
|a CC137.W6
|b C48
|
| 082 |
0 |
|
|a 069/.53
|
| 100 |
1 |
|
|a Christensen, B. Brorson.
|
| 245 |
1 |
4 |
|a The conservation of waterlogged wood in the National Museum of Denmark :
|b with a report on the methods chosen for the stabilization of the timbers of the viking ships from Roskilde Fjord, and a report on experiments carried out in order to improve upon these methods /
|c B. Brorson Christensen.
|
| 264 |
|
1 |
|a Copenhagen :
|b National Museum of Denmark,
|c 1970.
|
| 300 |
|
|
|a 118 pages, 20 unnumbered leaves of plates (3 folded) :
|b illustrations ;
|c 26 cm.
|
| 336 |
|
|
|a text
|b txt
|2 rdacontent
|
| 337 |
|
|
|a unmediated
|b n
|2 rdamedia
|
| 338 |
|
|
|a volume
|b nc
|2 rdacarrier
|
| 490 |
1 |
|
|a Studies in museum technology ;
|v 1
|
| 500 |
|
|
|a Summary in Danish.
|
| 504 |
|
|
|a Bibliography: page 98.
|
| 650 |
|
0 |
|a Wood
|z Denmark
|x Preservation.
|
| 650 |
|
0 |
|a Viking ships.
|
| 651 |
|
0 |
|a Roskilde (Denmark)
|x Antiquities.
|
| 830 |
|
0 |
|a Studies in museum technology ;
|v 1.
|
| 999 |
|
|
|a MARS
|
| 999 |
f |
f |
|s e9f6cf17-b346-3670-a5e5-e266b2827677
|i e169ce79-a835-3002-9979-55d8570866f7
|t 0
|
| 952 |
f |
f |
|p normal
|a Texas A&M University
|b College Station
|c Sterling C. Evans Library
|d Evans: Library Stacks
|t 0
|e CC137.W6 C48
|h Library of Congress classification
|i unmediated -- volume
|m A14806093951
|
| 998 |
f |
f |
|a CC137.W6 C48
|t 0
|l Evans: Library Stacks
|